| 000 | 00868cad a22001935a 4500 | ||
|---|---|---|---|
| 001 | E151684 | ||
| 008 | 101130s2009 xxk f 000 0 eng d | ||
| 035 | _a(Sirsi) u151684 | ||
| 041 | 0 | _aeng | |
| 110 | 2 |
_aRoyal Institution of Chartered Surveyors _94900 |
|
| 245 | 0 | 0 |
_aRICS valuation regulatory framework _bQ&A _h[electronic resource] |
| 260 |
_aLondon _bRICS _c[2009] |
||
| 520 | _aAnswers questions on the new regulatory monitoring framework for valuations. The scheme will be mandatory for all qualified members or associate members and regulated firms who undertake valuations set out in the Red Book. | ||
| 590 | _aKA | ||
| 651 | 4 |
_aUnited Kingdom _y |
|
| 690 | _aPROPERTY-PROPERTY APPRAISAL AND VALUATION | ||
| 856 | 4 | 0 |
_uhttps://www.rics.org/Global/Downloads/Valuation_QA.pdf _zView the item free of charge (member-only content) at www.rics.org |
| 942 | _n0 | ||
| 999 |
_c111537 _d111537 |
||